Propuesta de estructuración Distrital del Municipio de Guaymate (Record no. 8021)
[ view plain ]
| 000 -LEADER | |
|---|---|
| campo de control de longitud fija | 00443nam a2200133Ia 4500 |
| 001 - NÚMERO DE CONTROL | |
| campo de control | 3772 |
| 008 - DATOS DE LONGITUD FIJA--INFORMACIÓN GENERAL | |
| campo de control de longitud fija | 241024s9999 xx 000 0 und d |
| 082 ## - NÚMERO DE LA CLASIFICACIÓN DECIMAL DEWEY | |
| Número de clasificación | RD/624/R426p/2014 |
| 100 ## - ENTRADA PRINCIPAL--NOMBRE DE PERSONA | |
| Nombre de persona | República Dominicana. Ministerio de Educación. Regional 05, Distrito 03 |
| 245 #0 - MENCIÓN DEL TÍTULO | |
| Título | Propuesta de estructuración Distrital del Municipio de Guaymate |
| 260 ## - PUBLICACIÓN, DISTRIBUCIÓN, ETC. | |
| Nombre del editor, distribuidor, etc. | La Romana, República Dominicana |
| Fecha de publicación, distribución, etc. | 2014 |
| 901 ## - ELEMENTOS DE DATOS A LOCAL LDA (RLIN) | |
| a | 29/5/2014 9:12:06 a.m. |
No items available.